000 00515nam a2200181Ia 4500
003 GCL
008 140319s9999 xx 000 0 ara d
040 _aGCL /
_cGCL
082 0 4 _a618.24
_bم ع
100 1 _aمحمد فتحى
245 1 0 _aعلى عتبة الامومة او طفلك بين الحمل والولادة /
_cمحمد فتحى
300 _a415 ص
490 _a
650 0 4 _aالام الحامل
650 0 4 _aالولادة
650 0 4 _aالامومة والطفولة
942 _2ddc
_cBK
999 _c44704
_d44704